• 首页
  • 本馆介绍
  • 公告通知
  • 最新文献
  • 馆藏检索
  • 电子资源
  • 读者导购
  • 参考咨询
  • 我的图书馆
  • 登录
  • 详细信息显示
  • 放入我的书架
  • 预约/预借图书
  • 作者相关作品
  • 分类相关作品
  • 丛书相关作品
  • 出版社相关作品

书目信息

  • 表格格式
  • 工作单格式
  • 卡片格式
题名:
汉语融合与华文教学
    
 
作者: 周清海 著
分册:  
出版信息: 北京   社会科学文献出版社  2020.8
页数: 164页
开本: 24cm
丛书名: 华文教育研究丛书
单 册:
中图分类: H195.3-53
科图分类:
主题词: 汉语--han yu--对外汉语教学--教学研究--文集
电子资源:
ISBN: 978-7-5201-6655-3
000 01137oam2 2200265 450
001 2157988899
005 20211011172911.0
010    @a978-7-5201-6655-3@dCNY68.00
100    @a20201111d2020 em y0chiy0120 ea
101 0  @achi
102    @aCN@b110000
105    @ay z 000yy
106    @ar
200 1  @a汉语融合与华文教学@Ahan yu rong he yu hua wen jiao xue@dIntegration of chinese languages and the teaching of mandarin chinese@f(新加坡)周清海著@zeng
210    @a北京@c社会科学文献出版社@d2020.8
215    @a164页@d24cm
225 2  @a华文教育研究丛书@Ahua wen jiao yu yan jiu cong shu
330    @a本书收录了周清海先生在报刊上发表过的论文,以及一些未发表的演讲稿、序文。这些论文、演讲稿和序文。内容涵盖语言与文化、语言教育、语言政策、华文教学、华语文在新加坡的发展、华语全球化等课题。
461  0 @12001 @a华文教育研究丛书
510 1  @aIntegration of chinese languages and the teaching of mandarin chinese@zeng
606 0  @a汉语@Ahan yu@x对外汉语教学@x教学研究@j文集
690    @aH195.3-53@v5
701  0 @c(新加坡)@a周清海@Azhou qing hai@4著
801  0 @aCN@b百万庄@c20211006
905    @b1305989-992@dH195.3-53@e503@f4
    
    汉语融合与华文教学=Integration of chinese languages and the teaching of mandarin chinese/(新加坡)周清海著.-北京:社会科学文献出版社,2020.8
    164页;24cm.-(华文教育研究丛书)
    
    
    ISBN 978-7-5201-6655-3:CNY68.00
    本书收录了周清海先生在报刊上发表过的论文,以及一些未发表的演讲稿、序文。这些论文、演讲稿和序文。内容涵盖语言与文化、语言教育、语言政策、华文教学、华语文在新加坡的发展、华语全球化等课题。
●
相关链接 在E读中查询图书 在五车中查询图书 在当当中查询图书 在豆瓣中查询图书


正题名:汉语融合与华文教学     索取号:H195.3-53/503         预约/预借

序号 登录号 条形码 馆藏地/架位号 状态 备注
1 1305989   213059893   第二样本阅览室/ [索取号:H195.3-53/503] 在馆    
2 1305990   213059900   第四借阅区/ [索取号:H195.3-53/503] 在馆    
3 1305991   213059919   第四借阅区/ [索取号:H195.3-53/503] 在馆    
4 1305992   213059928   第四借阅区/ [索取号:H195.3-53/503] 在馆    
唐山师范学院图书馆 欢迎您!
大连网信软件有限公司© 版权所有